Quản trị kinh doanh tinh giản

Uloženo v:
Podrobná bibliografie
Hlavní autor: G C Eliza Collins
Médium: Kniha
Jazyk:Undetermined
Vydáno: Hà Nội KHKT 1994
Témata:
Tagy: Přidat tag
Žádné tagy, Buďte první, kdo otaguje tento záznam!
Thư viện lưu trữ: Trung tâm Học liệu Trường Đại học Cần Thơ
LEADER 00557nam a2200181Ia 4500
001 CTU_11376
008 210402s9999 xx 000 0 und d
082 |a 658.8 
082 |b C712 
100 |a G C Eliza Collins 
245 0 |a Quản trị kinh doanh tinh giản 
245 0 |c G C Eliza Collins, Mary Anne Devana; Dịch giả: Nguyễn Nguyệt Nga, Lê Kiều 
260 |a Hà Nội 
260 |b KHKT 
260 |c 1994 
650 |a business,management 
904 |i Minh, 961022 
980 |a Trung tâm Học liệu Trường Đại học Cần Thơ